00629nam a2200169 4500001000700000003000900007005001700016007000300033008004100036100003000077245010800107260004600215300002700261852003100288999001900319952012100338145467ES-MaACL20230906201235.0t|070214s1960 dk r ||||1| eng d1 aSperry, Margaret.910770710aBrides of darkness and other stories adopted from scandinavian legend and folklore / cMargaret Sperry. aCopenhagen : bGolden Mill Press, c1960. aVII, 122 p. ; c28 cm. aES-MaACLjG-5640 bR.46836 c145467d145467 00104070aATENEOMbATENEOMcDEPO2d2008-01-17eSCl0oG-5640p1151843r2023-02-23 00:00:00w2023-02-23yMONOGRAFIA